On This Day: June 20th II Quiz Stats

 Plays Quiz Updated Jun 20, 2018

Score 0/7 Timer 03:00
0 Plays Today
Question Answer Wrong Answers
Following the Cuban Missile Crisis, the Soviet Union and the United States sign an agreement to establish the so-called ‘______’ link between Washington, D.C. and Moscow.
1963
Red Telephone
91.9%
Blue Telephone
2.4%
Green Telephone
2.3%
Yellow Telephone
2.1%
Nicknamed the ‘Mountain State’, ______ is admitted as the 35th US state after breaking away from Virginia during the American Civil War.
1863
West Virginia
88.1%
Maryland
1.3%
Kentucky
4.8%
Tennessee
5.5%
This influential American singer-songwriter and producer, a member of the Commodores who launched a solo career in 1982, is born.
1949
Lionel Richie
78.4%
Stevie Wonder
6.1%
Smokey Robinson
11.1%
Lenny Kravitz
3.6%
Though already one of the stipulations of the Unification Treaty, the German Bundestag officially votes to move seat of government from ______ to Berlin.
1991
Bonn
66.9%
Dresden
15.8%
Leipzig
7.8%
Potsdam
7.9%
Deputies of the French Third Estate take the ______ Oath, collectively deciding not to disband until a new French constitution was adopted.
1789
Tennis Court
54.4%
Swimming Pool
3.7%
Golf Course
5%
Horse Stable
36.8%
The Mali Federation gains independence from France, eventually splitting into Mali and this coastal nation.
1960
Senegal
54.3%
Burkina Faso
29.1%
Chad
8.9%
Niger
6.5%
As part of the Continuation War, the Soviet Union demands an unconditional surrender from ______, which they ultimately refuse.
1944
Finland
30.8%
Germany
50.4%
Poland
15.1%
Norway
3.3%

You're not logged in!

Compare scores with friends on all Sporcle quizzes.
OR
Log In

Sporcle TV

Today on Sporcle TV


Watch our educational content, quiz creation guides, and fun videos on Sporcle TV.

Show Comments

Extras

Top Quizzes Today


Score Distribution

Your Account Isn't Verified!

In order to create a playlist on Sporcle, you need to verify the email address you used during registration. Go to your Sporcle Settings to finish the process.

Report this User

Report this user for behavior that violates our Community Guidelines.

Details: